000
00237nam a22001097a 4500
003
OSt
005
20250901165807.0
008
250320b |||||||| |||| 00| 0 eng d
040
_c
C
245
_a
MAISHA YAIVIZA
_c
OWINO EVANS
942
_2
lcc
_c
BK
999
_c
9321
_d
9321